| 000 | 00876nam a2200265 i 4500 | ||
|---|---|---|---|
| 001 | 000026647 | ||
| 003 | DO-SdBNP | ||
| 005 | 20260130132148.0 | ||
| 007 | ta | ||
| 008 | 110324s1988 dr 000 0 spa d | ||
| 040 |
_aDO-SdBNP _bspa _cBNPHU _erda |
||
| 041 | _aspa | ||
| 082 | 4 |
_axxx _bB933 _222 |
|
| 245 | 0 | 3 | _aLa bula in apostolatus culmine y su autenticidad |
| 264 |
_aSanto Domingo : _bEditora Universitaria - UASD, _c1988. |
||
| 300 |
_a56 páginas ; _c21 cm. |
||
| 336 |
_atexto _btxt _2rdacontent |
||
| 337 |
_asin mediación _bn _2rdamedia |
||
| 338 |
_avolumen _bnc _2rdacarrier |
||
| 490 | 1 |
_aPublicaciones de la Universidad Autónoma de Santo Domingo _v533 |
|
| 490 | 1 |
_a Archivo histórico _v1 |
|
| 590 | _aInventariado, 2026/BT | ||
| 830 | 0 |
_aPublicaciones de la Univesidad Autónoma de Santo Domingo _n533 _937454 _pArchivo histórico _v1 |
|
| 942 |
_2ddc _cLBS1 |
||
| 999 |
_c26139 _d26139 |
||